Actitudes y emociones del personal de enfermeria asociadas al cuidado de pacientes pediátricos terminales. Clínica higea : (Registro nro. 4048)

Detalles MARC
000 -LEADER
fixed length control field 01863nam a2200301 i 4500
005 - DATE AND TIME OF LATEST TRANSACTION
control field 20250329165435.0
007 - PHYSICAL DESCRIPTION FIXED FIELD--GENERAL INFORMATION
fixed length control field ta
008 - FIXED-LENGTH DATA ELEMENTS--GENERAL INFORMATION
fixed length control field 190415s2020 000 0 eng d
040 ## - CATALOGING SOURCE
Original cataloging agency CO-CtgCURN
Language of cataloging spa
Transcribing agency coctgcurn
Description conventions rda
082 0# - DEWEY DECIMAL CLASSIFICATION NUMBER
Classification number ENF 2020
Item number D931
100 1# - MAIN ENTRY--PERSONAL NAME
Personal name Durán Garcés, Katherine,
Relator term author.
Relationship aut
245 10 - TITLE STATEMENT
Title Actitudes y emociones del personal de enfermeria asociadas al cuidado de pacientes pediátricos terminales. Clínica higea :
Remainder of title Cartagena Colombia 2020 /
Statement of responsibility, etc. Katherine Durán Garcés; Debra Martínez Mestra; Yeis Anlis Sacco Vides; María de los Ángeles Vergara Luna; Asesora: Sandra Lorena Vallejo Arias.
260 ## - PUBLICATION, DISTRIBUTION, ETC.
Place of publication, distribution, etc. Cartagena de Indias :
Name of publisher, distributor, etc. Corporación Universitaria Rafael Núñez,
Date of publication, distribution, etc. 2020.
300 ## - PHYSICAL DESCRIPTION
Extent 144 hojas.
336 ## - CONTENT TYPE
Content type term text
Content type code txt
Source rdacontent
337 ## - MEDIA TYPE
Media type term unmediated
Media type code n
Source rdamedia
338 ## - CARRIER TYPE
Carrier type term volume
Carrier type code nc
Source rdacarrier
504 ## - BIBLIOGRAPHY, ETC. NOTE
Bibliography, etc. note Trabajo de grado (Enfermera). Corporación Universitaria Rafael Nuñez. Facultad de Ciencias de la Salud. Proggrama de Enfermería, 2020.
520 ## - SUMMARY, ETC.
Summary, etc. "Los cuidados paliativos a pacientes pediátricos terminales se centran en el control sintomático, y el acompañamiento del niño y su familia. Dada la inexorabilidad de la muerte, se presentan afectaciones en las actitudes y emociones de quienes proporcionan los cuidados: el personal de Enfermería."
650 #0 - SUBJECT ADDED ENTRY--TOPICAL TERM
Topical term or geographic name entry element Enfermería
Form subdivision Tesis y disertaciones academicas.
700 1# - ADDED ENTRY--PERSONAL NAME
Personal name Martínez Mestra, Debra.
700 1# - ADDED ENTRY--PERSONAL NAME
Personal name Sacco Vides, Yeis Anlis.
700 1# - ADDED ENTRY--PERSONAL NAME
Personal name Vergara Luna, María de los Ángeles.
700 1# - ADDED ENTRY--PERSONAL NAME
Personal name Vallejo Arias, Sandra Lorena,
Relator term asesora.
856 ## - ELECTRONIC LOCATION AND ACCESS
Uniform Resource Identifier <a href="https://unicurn.sharepoint.com/:b:/s/biblioteca/ERHN_Lg3_nhPl30Rsqn9igoBfJPZ4HBUJq0o30iHEX0nXQ?e=lh72ab">https://unicurn.sharepoint.com/:b:/s/biblioteca/ERHN_Lg3_nhPl30Rsqn9igoBfJPZ4HBUJq0o30iHEX0nXQ?e=lh72ab</a>
Public note Click aqui para ver el recurso en texto completo
942 ## - ADDED ENTRY ELEMENTS (KOHA)
Source of classification or shelving scheme Dewey Decimal Classification
Koha item type Trabajos de grado
Classification part TSO 2020
Item part D931
Existencias
Withdrawn status Lost status Source of classification or shelving scheme Damaged status Not for loan Collection Home library Current library Shelving location Date acquired Source of acquisition Cost, normal purchase price Inventory number Total checkouts Full call number Barcode Date last seen Price effective from Koha item type
    Dewey Decimal Classification     Trabajos de grado Miguel Henríquez Emiliani Miguel Henríquez Emiliani Trabajo de grado 06/01/2019 El autor 350000.00 023330   ENF 2020 D931 023330 06/20/2019 06/20/2019 Trabajos de grado